| 000 | 00357nam a2200145Ia 4500 | ||
|---|---|---|---|
| 008 | 230312s9999||||xx |||||||||||||| ||und|| | ||
| 020 | _a0-7817-2649-2 | ||
| 082 |
_a616.0757 _bHAL-R |
||
| 100 | _aHall;eric,J | ||
| 245 | 0 | _aRadiobiology for the radiologist | |
| 260 |
_bLipponcott _aUSA _c2000 |
||
| 300 | _a600 | ||
| 650 |
_aMedical _vRadiology |
||
| 942 | _cBK | ||
| 999 |
_c2765 _d2765 |
||